Las clases sociales en el capitalismo actual
Na minha lista:
| Autor principal: | |
|---|---|
| Formato: | Texto |
| Idioma: | Spanish |
| Publicado em: |
México, D.F.:
Juan Pablos
|
| Edição: | 5 |
| Tags: |
Adicionar Tag
Sem tags, seja o primeiro a adicionar uma tag!
|
MARC
| LEADER | 00000 a a2200000 04500 | ||
|---|---|---|---|
| 001 | 22155 | ||
| 003 | cru CIDCACS/IIS | ||
| 005 | 20180730115934.0 | ||
| 008 | 180730b ||||| |||| 00| 0 spa d | ||
| 999 | |c 14163 |d 14163 | ||
| 020 | |a 968-23-0139-4 | ||
| 040 | |c cru CIDCACS/IIS | ||
| 090 | |a 05.03.05 P874c | ||
| 100 | |a Poulantzas, Nicos | ||
| 245 | |a Las clases sociales en el capitalismo actual | ||
| 250 | |a 5 | ||
| 260 | |a México, D.F.: |b Juan Pablos | ||
| 300 | |a 312 p. | ||
| 942 | |2 ddc |c LI | ||



